[Event "XXXI Festival A"]
[Site "Arco ITA"]
[Date "2009.10.23"]
[Round "8"]
[White "Pisani, Valerio"]
[Black "Mondon, Fabrice"]
[Result "0-1"]
[WhiteElo "1789"]
[BlackElo "2029"]
[PlyCount "86"]
[EventDate "2009.10.17"]

1. e4 c5 2. Nc3 Nc6 3. Bb5 d6 4. Bxc6+ bxc6 5. d3 e5 6. Nge2 Be7 7. O-O Nf6 8.
h3 O-O 9. f4 exf4 10. Nxf4 Nd7 11. b3 Ne5 12. g4 Bf6 13. Bd2 Ng6 14. Nxg6 fxg6
15. Qe2 Bd7 16. a4 Bd4+ 17. Kg2 Bf6 18. Rae1 Qe7 19. Nd1 Rae8 20. Bf4 d5 21.
Nf2 Bh4 22. Bg3 Bg5 23. Qd1 Be6 24. Re2 dxe4 25. Nxe4 Rxf1 26. Qxf1 Rf8 27. Qe1
Bd5 28. c4 Bxe4+ 29. Rxe4 Qf6 30. Qe2 Qd8 31. Re5 h6 32. Rxc5 Qd7 33. Qe4 Qf7
34. Qe2 Re8 35. Re5 Rd8 36. Re6 c5 37. Qe4 Rf8 38. Qe2 Qb7+ 39. Kh2 Qxb3 40.
Ra6 Bf6 41. Rxa7 Bd4 42. a5 Qb1 43. Be1 Qb8+ 0-1

[Event "XXXI Festival A"]
[Site "Arco ITA"]
[Date "2009.10.23"]
[Round "8"]
[White "Rampini, Carlo"]
[Black "Schrott, Ernst"]
[Result "1-0"]
[WhiteElo "1820"]
[BlackElo "2059"]
[PlyCount "67"]
[EventDate "2009.10.17"]

1. e4 d5 2. exd5 Nf6 3. Nf3 Nxd5 4. d4 g6 5. g3 Bg7 6. Bg2 O-O 7. O-O Nc6 8. c3
Bg4 9. h3 Bf5 10. Re1 Re8 11. Na3 Nb6 12. Bf4 a6 13. Qe2 h6 14. Nh4 Be6 15.
Nxg6 Bd5 16. Nh4 Bxg2 17. Nxg2 Nd5 18. Ne3 Nxf4 19. gxf4 e6 20. Nac4 Ne7 21.
Kh1 Ng6 22. Qg4 Qf6 23. Ng2 h5 24. Qg3 Bh6 25. Re4 Kh7 26. Rae1 Rg8 27. Qf3 Rg7
28. Nce3 Rag8 29. Qxh5 Ne7 30. Ng4 Qg6 31. Nh4 Qxh5 32. Nf6+ Kh8 33. Nxh5 Bg5
34. fxg5 1-0

[Event "XXXI Festival A"]
[Site "Arco ITA"]
[Date "2009.10.23"]
[Round "8"]
[White "Salati, Paolo"]
[Black "Thompson, Edward Nii Lamptey"]
[Result "1-0"]
[WhiteElo "1866"]
[BlackElo "1818"]
[PlyCount "89"]
[EventDate "2009.10.17"]

1. e4 e5 2. Nf3 Nc6 3. Bc4 Bc5 4. c3 Nf6 5. d3 d6 6. h3 h6 7. O-O O-O 8. Re1
Qe7 9. Be3 Bb6 10. Bxb6 axb6 11. Nbd2 Nh5 12. Nh2 Nf4 13. Re3 Na5 14. Rg3 Kh7
15. Kh1 Bd7 16. Ng4 f5 17. Ne3 Nxc4 18. dxc4 Nd3 19. Qe2 f4 20. Nd5 Qd8 21.
Rxd3 Be6 22. b3 g5 23. Kg1 Qd7 24. f3 Rf7 25. Nf1 Bxh3 26. gxh3 Qxh3 27. Qg2
Qe6 28. Kf2 Rg8 29. Qg4 Qg6 30. Nh2 h5 31. Qg2 Qe6 32. Rh1 Qg6 33. Rdd1 Kg7 34.
Rdg1 Kf8 35. Qh3 g4 36. fxg4 Qxe4 37. Qf3 Qc2+ 38. Qe2 Qh7 39. gxh5 f3 40.
Rxg8+ Kxg8 41. Qd1 e4 42. Ng4 Kf8 43. Nde3 Qg7 44. Qd4 Qg5 45. h6 1-0

[Event "XXXI Festival A"]
[Site "Arco ITA"]
[Date "2009.10.23"]
[Round "8"]
[White "Saponara, Nicola"]
[Black "Russo, Carmelo"]
[Result "1-0"]
[WhiteElo "1845"]
[BlackElo "1733"]
[PlyCount "121"]
[EventDate "2009.10.17"]

1. e4 c6 2. d4 d5 3. Nc3 dxe4 4. Nxe4 Nd7 5. Bc4 Ngf6 6. Ng3 e6 7. Nf3 c5 8. c3
cxd4 9. cxd4 Bb4+ 10. Bd2 Bxd2+ 11. Qxd2 O-O 12. O-O b6 13. Rfe1 Bb7 14. Ng5
Qc8 15. Rac1 Qc6 16. f3 Qd6 17. Nxf7 Rxf7 18. Bxe6 Bd5 19. Nf5 Qf8 20. Bxf7+
Bxf7 21. Re7 Rd8 22. Qg5 Kh8 23. Rce1 h6 24. Qg3 Nd5 25. R7e4 N5f6 26. Rh4 Nh5
27. Qc7 Nhf6 28. g4 Rc8 29. Qg3 Rc2 30. g5 Nh5 31. Qg4 Qb4 32. Rf1 Qd2 33. gxh6
g6 34. Rxh5 Nf6 35. Qh3 Nxh5 36. Kh1 Be6 37. Rg1 Bxf5 38. Qh4 Qxh6 39. d5 Kh7
40. d6 Nf6 41. Qg3 Ne4 42. Qe5 Nc5 43. Re1 Nd3 44. Qe7+ Qg7 45. Qh4+ Kg8 46.
Re8+ Qf8 47. Qe7 Qxe8 48. Qxe8+ Kh7 49. d7 Nf4 50. Qe7+ Kh6 51. Qf8+ Kh7 52.
Qe7+ Kh6 53. Qh4+ Nh5 54. d8=Q Rc1+ 55. Kg2 Rc2+ 56. Kf1 Rc1+ 57. Ke2 Rc8 58.
Qdg5+ Kg7 59. Qhxh5 Re8+ 60. Kf2 Rh8 61. Qe7+ 1-0

[Event "XXXI Festival A"]
[Site "Arco ITA"]
[Date "2009.10.24"]
[Round "8"]
[White "Schaberg, Wolfgang"]
[Black "Bernardi, Ruben"]
[Result "0-1"]
[WhiteElo "1943"]
[BlackElo "2162"]
[PlyCount "90"]
[EventDate "2009.10.17"]

1. e4 c5 2. Nf3 Nc6 3. Nc3 d6 4. Bb5 Bd7 5. d4 cxd4 6. Nxd4 g6 7. O-O Bg7 8.
Be3 Nf6 9. f3 O-O 10. Qd2 Re8 11. Kh1 Ne5 12. Bh6 Bxb5 13. Ncxb5 Nc4 14. Qc3
Bxh6 15. Qxc4 a6 16. Nc3 Rc8 17. Qd3 Bg7 18. Nce2 Nd7 19. f4 Qb6 20. c3 Qxb2
21. Rfb1 Qa3 22. Rb3 Qa5 23. Rxb7 Nc5 24. Nb3 Nxd3 25. Nxa5 Nf2+ 26. Kg1 Nxe4
27. Re1 Nxc3 28. Ng3 Nd5 29. Nb3 Bc3 30. Re4 f5 31. Ra4 a5 32. Ne2 Bb4 33. Nxa5
Rc2 34. Kf1 Bc5 35. Nb3 Ne3+ 36. Kf2 Ng4+ 37. Ke1 Be3 38. Nbd4 Bf2+ 39. Kf1
Bxd4 40. Nxd4 Ne3+ 41. Ke1 Nxg2+ 42. Kf1 Ne3+ 43. Kg1 Rg2+ 44. Kh1 Rd2 45. Kg1
Rc8 0-1

[Event "XXXI Festival A"]
[Site "Arco ITA"]
[Date "2009.10.23"]
[Round "8"]
[White "Sigmund, Ingenuin"]
[Black "Buglisi, Massimo"]
[Result "1/2-1/2"]
[WhiteElo "1825"]
[BlackElo "1931"]
[PlyCount "107"]
[EventDate "2009.10.17"]

1. e4 c5 2. Nc3 Nc6 3. g3 g6 4. Bg2 Bg7 5. d3 d6 6. Nge2 e5 7. O-O Nge7 8. Be3
O-O 9. Qd2 Nd4 10. Nd1 f5 11. Nxd4 cxd4 12. Bg5 Qc7 13. c3 fxe4 14. dxe4 Nc6
15. Rc1 Qf7 16. b3 Be6 17. f4 Qd7 18. cxd4 Nxd4 19. Nb2 Rac8 20. Nd3 Bg4 21.
Rf2 Rxc1+ 22. Nxc1 Rc8 23. f5 Rc2 24. Qa5 Rc5 25. Qxa7 Qc7 26. Qa8+ Bf8 27.
fxg6 Rxc1+ 28. Bxc1 Qxc1+ 29. Rf1 Qe3+ 30. Kh1 Ne6 31. gxh7+ Kxh7 32. Qxb7+ Bg7
33. Qf7 Ng5 34. Qf2 Qd3 35. Re1 Ne6 36. h3 Bh5 37. Qf5+ Bg6 38. Qxe6 Qxg3 39.
Re2 Qd3 40. Qg4 Qb1+ 41. Kh2 Bh6 42. Bf3 Qf1 43. Rg2 Bf4+ 44. Rg3 Qf2+ 45. Bg2
Bxg3+ 46. Qxg3 Qxa2 47. Qg5 Qxb3 48. Qe7+ Qf7 49. Qxd6 Qf4+ 50. Kg1 Qc1+ 51.
Kh2 Qf4+ 52. Kg1 Qc1+ 53. Kf2 Qf4+ 54. Kg1 1/2-1/2

[Event "XXXI Festival A"]
[Site "Arco ITA"]
[Date "2009.10.23"]
[Round "8"]
[White "Terna, Giovanni"]
[Black "Parrini, Daniele"]
[Result "1/2-1/2"]
[WhiteElo "1766"]
[BlackElo "2022"]
[PlyCount "63"]
[EventDate "2009.10.17"]

1. Nf3 g6 2. g3 Bg7 3. Bg2 c5 4. O-O Nc6 5. d3 e6 6. Nbd2 Nge7 7. e4 O-O 8. c3
d6 9. Ne1 b5 10. Rb1 Rb8 11. f4 b4 12. Qc2 Qa5 13. Nb3 Qa4 14. Bd2 Ba6 15. e5
c4 16. exd6 cxb3 17. axb3 Qb5 18. dxe7 Nxe7 19. d4 Rfc8 20. c4 Bxd4+ 21. Kh1
Qh5 22. Nf3 Bc5 23. Nh4 Nc6 24. Nf3 Bb7 25. Rbe1 Ne7 26. Nh4 Nc6 27. Nf3 Nd4
28. Nxd4 Bxg2+ 29. Kxg2 Bxd4 30. Be3 Rd8 31. Bxd4 Rxd4 32. Re5 1/2-1/2

[Event "XXXI Festival A"]
[Site "Arco ITA"]
[Date "2009.10.23"]
[Round "8"]
[White "Thurner, Markus"]
[Black "Grom, Waldemar"]
[Result "1-0"]
[WhiteElo "1728"]
[BlackElo "1957"]
[PlyCount "103"]
[EventDate "2009.10.17"]

1. f4 d5 2. Nf3 Nf6 3. e3 Bg4 4. Be2 Nbd7 5. Nc3 a6 6. d3 e6 7. e4 dxe4 8. Nxe4
Nxe4 9. dxe4 Bc5 10. Qd3 Qe7 11. Be3 Rd8 12. O-O-O O-O 13. h3 Bxf3 14. gxf3 Qf6
15. Bxc5 Nxc5 16. Qe3 Na4 17. e5 Qe7 18. c3 b5 19. Rhg1 Rxd1+ 20. Bxd1 Nb6 21.
Bc2 g6 22. Rg4 b4 23. cxb4 Nd5 24. Qd2 Nxb4 25. f5 Nxa2+ 26. Kb1 exf5 27. Ra4
Rd8 28. Qe1 Rd4 29. f4 Qd7 30. Kxa2 Rd2 31. Bb3 Qd3 32. e6 fxe6 33. Qe5 Qd6 34.
Bxe6+ Kf8 35. Qxd6+ Rxd6 36. Bc8 Rd3 37. Bxa6 Rxh3 38. Rc4 Rh4 39. b4 g5 40.
fxg5 Rxc4 41. Bxc4 Kg7 42. Kb3 Kg6 43. Bg8 f4 44. Kc4 f3 45. Kd3 Kxg5 46. Bxh7
Kf4 47. Kd4 f2 48. Bd3 Kf3 49. b5 Kf4 50. Bf1 Kf5 51. Kd5 Kf6 52. Kc6 1-0

[Event "XXXI Festival A"]
[Site "Arco ITA"]
[Date "2009.10.23"]
[Round "8"]
[White "Trimarchi, Giuseppe"]
[Black "Helbig, Dieter"]
[Result "1/2-1/2"]
[WhiteElo "1722"]
[BlackElo "1858"]
[PlyCount "166"]
[EventDate "2009.10.17"]

1. e4 c5 2. Nf3 Nc6 3. d4 cxd4 4. Nxd4 g6 5. Be2 Bg7 6. Be3 Nf6 7. Nc3 Qa5 8.
f3 O-O 9. Nb3 Qd8 10. Qd2 d6 11. g4 Be6 12. Nd5 Ne5 13. h4 Bxd5 14. exd5 Qc7
15. h5 Nc4 16. Bxc4 Qxc4 17. O-O-O Rfc8 18. hxg6 fxg6 19. c3 a5 20. Kb1 a4 21.
Nc1 a3 22. Qd3 axb2 23. Kxb2 Qa4 24. Bd4 Rc4 25. Rd2 Ra5 26. g5 Qa3+ 27. Ka1
Rxd4 28. cxd4 Nxd5 29. Qxa3 Rxa3 30. Nb3 Ne3 31. Kb1 Ra8 32. Re1 Nd5 33. Rf1
Rf8 34. Rd3 Rf5 35. Rg1 Nf4 36. Rd2 Nh3 37. Re1 Kf7 38. Rde2 Bf8 39. Rf1 Nxg5
40. Ref2 h5 41. f4 Ne6 42. Kc2 Bh6 43. Kc3 Nxf4 44. Kc4 e6 45. a4 g5 46. Rb2
Ke8 47. Nd2 Rf7 48. Rfb1 Rc7+ 49. Kb5 Nd5 50. Ne4 Ke7 51. Rg1 g4 52. Rh1 Nf4
53. Rf2 Nh3 54. Re2 Bg7 55. Ng3 h4 56. Nf5+ Kf8 57. Nxh4 Bxd4 58. Rxe6 Rc5+ 59.
Kb4 Rc6 60. Rg6 Bc5+ 61. Kb3 Rb6+ 62. Kc3 Bb4+ 63. Kc4 Bc5 64. a5 Rb4+ 65. Kc3
Ra4 66. Rb1 g3 67. Ng2 Ra3+ 68. Kc4 Ra4+ 69. Kd3 Nf2+ 70. Ke2 Ra2+ 71. Kf3 Ra3+
72. Kf4 Nd3+ 73. Kf5 Ne5 74. Rg5 Rf3+ 75. Ke6 Rf7 76. Rxg3 Re7+ 77. Kd5 Nc6 78.
Rf1+ Ke8 79. Rg8+ Kd7 80. Rff8 Nxa5 81. Rd8+ Kc7 82. Rc8+ Kb6 83. Rg5 Nc6
1/2-1/2

[Event "XXXI Festival A"]
[Site "Arco ITA"]
[Date "2009.10.23"]
[Round "8"]
[White "Virzi, Ettore"]
[Black "Giaracuni, Claudio"]
[Result "1-0"]
[WhiteElo "1986"]
[BlackElo "1771"]
[PlyCount "69"]
[EventDate "2009.10.17"]

1. e4 e6 2. d4 d5 3. Nc3 Bb4 4. e5 c5 5. a3 Bxc3+ 6. bxc3 Qc7 7. Nf3 Nc6 8. h4
Nge7 9. Bd2 Bd7 10. h5 h6 11. Bd3 O-O-O 12. O-O g6 13. hxg6 fxg6 14. Re1 c4 15.
Be2 Rdf8 16. Nh2 Be8 17. Ng4 g5 18. Nf6 Bg6 19. Bh5 Bxh5 20. Qxh5 Nf5 21. Qg4
Qf7 22. a4 Nce7 23. Bc1 Ng8 24. Ba3 Nxf6 25. exf6 Re8 26. Qf3 h5 27. Rab1 Rh6
28. Rb5 Rxf6 29. Qe2 Rd8 30. Rc5+ Kb8 31. Qe5+ Nd6 32. Rb5 Qe7 33. Rxd5 Kc8 34.
Bxd6 exd5 35. Bxe7 1-0

[Event "XXXI Festival A"]
[Site "Arco ITA"]
[Date "2009.10.23"]
[Round "8"]
[White "Wagner, Frank"]
[Black "Modena, Giorgio"]
[Result "0-1"]
[WhiteElo "1929"]
[BlackElo "1892"]
[PlyCount "82"]
[EventDate "2009.10.17"]

1. Nf3 d5 2. g3 Nf6 3. Bg2 g6 4. O-O Bg7 5. d3 O-O 6. Nbd2 c6 7. c4 Nbd7 8. Rb1
Re8 9. b4 e5 10. b5 cxb5 11. Rxb5 a6 12. Rb1 Rb8 13. Ne1 dxc4 14. Nxc4 b5 15.
Nd6 Re6 16. Ba3 Bf8 17. Nxc8 Bxa3 18. Na7 Qb6 19. Nc6 Rxc6 20. Bxc6 Qxc6 21.
Qb3 Bf8 22. Nf3 h6 23. Rfc1 Qb6 24. Rc2 Kg7 25. Qb2 Re8 26. Rbc1 Bc5 27. e3 Qd6
28. Rd1 Qd5 29. Nh4 Bb6 30. d4 e4 31. Ng2 Qh5 32. Rdc1 g5 33. h4 Qg4 34. Rc6
Ba7 35. Rxa6 Bb8 36. Qxb5 Bxg3 37. fxg3 Rb8 38. Qf1 Rb2 39. hxg5 hxg5 40. Ra5
Qxg3 41. Qf5 Qxg2# 0-1

[Event "XXXI Festival A"]
[Site "Arco ITA"]
[Date "2009.10.23"]
[Round "8"]
[White "Weinberg, Emanuele"]
[Black "Cento, Claudio"]
[Result "1/2-1/2"]
[WhiteElo "1874"]
[BlackElo "1661"]
[PlyCount "103"]
[EventDate "2009.10.17"]

1. d4 Nf6 2. c4 g6 3. Nc3 Bg7 4. e4 d6 5. f3 O-O 6. Be3 e5 7. d5 a6 8. Bd3 Nh5
9. Nge2 f5 10. exf5 gxf5 11. Qd2 Nd7 12. O-O-O e4 13. fxe4 Ne5 14. exf5 Nxd3+
15. Qxd3 Bxf5 16. Qd2 b5 17. Nd4 Bg4 18. Rde1 c5 19. Bg5 Bf6 20. Bxf6 Qxf6 21.
Ne6 Rf7 22. Ne4 Qe7 23. N4g5 Rf6 24. h3 Bxe6 25. Nxe6 Qf7 26. Ng5 Qg6 27. Re7
Raf8 28. Nf3 Rf4 29. Re3 Rxc4+ 30. Rc3 Rff4 31. Qc2 Rxc3 32. bxc3 Qxc2+ 33.
Kxc2 Nf6 34. Re1 Re4 35. Rxe4 Nxe4 36. Kd3 Nf6 37. c4 h6 38. Nh4 Nd7 39. Nf5
Ne5+ 40. Kc3 Nxc4 41. Nxh6+ Kg7 42. Ng4 Kg6 43. Nf2 Ne3 44. Ne4 Nxg2 45. Nxd6
Nf4 46. Nb7 Nxd5+ 47. Kb2 c4 48. Nc5 a5 49. Nb7 a4 50. a3 b4 51. axb4 Nxb4 52.
Na5 1/2-1/2

[Event "XXXI Festival A"]
[Site "Arco ITA"]
[Date "2009.10.24"]
[Round "8"]
[White "Wohl, Aleksandar H."]
[Black "Van Riemsdijk, Herman C."]
[Result "1/2-1/2"]
[WhiteElo "2417"]
[BlackElo "2385"]
[PlyCount "37"]
[EventDate "2009.10.17"]

1. Nf3 c5 2. c4 Nf6 3. Nc3 d5 4. cxd5 Nxd5 5. d4 cxd4 6. Qxd4 Nxc3 7. Qxc3 Nc6
8. e4 a6 9. Be2 e5 10. a3 Bd6 11. O-O Bg4 12. Be3 Rc8 13. Qb3 Qe7 14. Rad1 Be6
15. Qd3 Rd8 16. Qc2 Rc8 17. Qc3 Rd8 18. Qc2 Rc8 19. Qd3 1/2-1/2

[Event "XXXI Festival A"]
[Site "Arco ITA"]
[Date "2009.10.24"]
[Round "8"]
[White "Zucchelli, Massimo"]
[Black "Blasco, Domenico"]
[Result "1-0"]
[WhiteElo "2159"]
[BlackElo "1984"]
[PlyCount "87"]
[EventDate "2009.10.17"]

1. d4 Nf6 2. c4 c5 3. d5 b5 4. Nf3 Bb7 5. a4 Qa5+ 6. Bd2 b4 7. Qc2 g6 8. e4 d6
9. Bd3 Bg7 10. O-O O-O 11. h3 Qc7 12. Be3 Nbd7 13. Nbd2 Rae8 14. Rfe1 e5 15. g4
Bc8 16. Nh2 h6 17. Ndf1 Qd8 18. Qd2 Kh7 19. f3 Ng8 20. Ng3 Ndf6 21. Kg2 Ne7 22.
f4 exf4 23. Bxf4 Nfg8 24. Nf3 f6 25. Qc2 Kh8 26. Rad1 Qd7 27. Bc1 a5 28. e5
fxe5 29. Bxg6 Nxg6 30. Qxg6 Rf6 31. Qd3 Qf7 32. Ne4 Qg6 33. Nh4 Qf7 34. Nxf6
Nxf6 35. Rf1 Qd7 36. Qg6 Rg8 37. Rxf6 Bxf6 38. Qxf6+ Qg7 39. Qxg7+ Kxg7 40. Rf1
Bd7 41. Nf5+ Bxf5 42. Rxf5 b3 43. Bd2 Re8 44. Kf3 1-0

[Event "XXXI Festival A"]
[Site "Arco ITA"]
[Date "2009.10.24"]
[Round "9"]
[White "Antoniacci, Riccardo"]
[Black "Astengo, Marcello"]
[Result "1-0"]
[WhiteElo "1895"]
[BlackElo "2134"]
[PlyCount "75"]
[EventDate "2009.10.17"]

1. e4 e6 2. d3 d5 3. Nd2 c5 4. g3 Nc6 5. Bg2 Nge7 6. Ngf3 g6 7. O-O Bg7 8. Re1
O-O 9. e5 b6 10. c3 a5 11. a4 Ba6 12. Nf1 Qb8 13. Bf4 Ra7 14. h4 Rb7 15. N1h2
h5 16. g4 hxg4 17. Nxg4 Nf5 18. Qd2 b5 19. Nf6+ Kh8 20. axb5 Bxb5 21. h5 gxh5
22. Nxh5 Ba6 23. Rab1 a4 24. Bh3 Nce7 25. Bg5 Rg8 26. Kh1 a3 27. Bf6 Rxb2 28.
Nxg7 Rxd2 29. Rxb8 Rxb8 30. Nxf5+ Kh7 31. Nxe7 Rxf2 32. Ng5+ Kh6 33. Nxf7+ Kh5
34. Rg1 Rf4 35. Bxe6 Bxd3 36. Rg5+ Kh4 37. Rg4+ Kh5 38. Rxf4 1-0

[Event "XXXI Festival A"]
[Site "Arco ITA"]
[Date "2009.10.24"]
[Round "9"]
[White "Battiston, Claudio"]
[Black "Virzi, Ettore"]
[Result "1/2-1/2"]
[WhiteElo "1983"]
[BlackElo "1986"]
[PlyCount "29"]
[EventDate "2009.10.17"]

1. e4 e5 2. Nf3 Nc6 3. Bb5 a6 4. Ba4 Nf6 5. Qe2 b5 6. Bb3 Bc5 7. a4 Rb8 8. axb5
axb5 9. Nc3 d6 10. Nd5 O-O 11. d3 h6 12. h3 Bd7 13. O-O Nxd5 14. Bxd5 Qe7 15.
Be3 1/2-1/2

[Event "XXXI Festival A"]
[Site "Arco ITA"]
[Date "2009.10.25"]
[Round "9"]
[White "Bernardi, Ruben"]
[Black "Cardili, Mariano"]
[Result "1-0"]
[WhiteElo "2162"]
[BlackElo "2106"]
[PlyCount "81"]
[EventDate "2009.10.17"]

1. e4 c6 2. d4 d5 3. f3 e6 4. Nc3 Bb4 5. a3 Bxc3+ 6. bxc3 dxe4 7. Qe2 e3 8.
Qxe3 Nf6 9. Bd2 O-O 10. f4 Qc7 11. Nf3 Nbd7 12. Bd3 b6 13. Ne5 Bb7 14. O-O Rad8
15. Qh3 c5 16. Rae1 g6 17. Re3 Nd5 18. Rg3 Ne7 19. Qh6 Nf5 20. Bxf5 exf5 21.
Rh3 Nf6 22. Be1 Rde8 23. Bh4 Nh5 24. Qxh5 f6 25. Nxg6 hxg6 26. Qxg6+ Qg7 27.
Qxg7+ Kxg7 28. dxc5 bxc5 29. Bf2 Re2 30. Rg3+ Kf7 31. Rd1 Be4 32. Bxc5 Ra8 33.
c4 Bc6 34. Rd6 Rc8 35. Bd4 Re6 36. Rxe6 Kxe6 37. Rg6 Be4 38. Rxf6+ Ke7 39. c3
Rxc4 40. Ra6 Rc6 41. Rxa7+ 1-0

[Event "XXXI Festival A"]
[Site "Arco ITA"]
[Date "2009.10.24"]
[Round "9"]
[White "Blasco, Domenico"]
[Black "Fortunato, Vito"]
[Result "1-0"]
[WhiteElo "1984"]
[BlackElo "1913"]
[PlyCount "35"]
[EventDate "2009.10.17"]

1. d4 Nf6 2. Nf3 g6 3. e3 Bg7 4. Be2 d5 5. b4 b6 6. O-O O-O 7. c4 c5 8. bxc5
bxc5 9. Bb2 Qb6 10. Qb3 Ba6 11. Nbd2 Nc6 12. dxc5 Qxc5 13. Qa4 dxc4 14. Qxa6
Rfc8 15. Qxc4 Na5 16. Qxc5 Rxc5 17. Rfc1 Rd5 18. Bd4 1-0

[Event "XXXI Festival A"]
[Site "Arco ITA"]
[Date "2009.10.25"]
[Round "9"]
[White "Bonagura, Stefano"]
[Black "Dittmar, Peter"]
[Result "1/2-1/2"]
[WhiteElo "2086"]
[BlackElo "2359"]
[PlyCount "132"]
[EventDate "2009.10.17"]

1. d4 Nf6 2. Nf3 e6 3. g3 b5 4. Bg2 Bb7 5. O-O c5 6. c3 d5 7. dxc5 Bxc5 8. b4
Be7 9. Nd4 a6 10. a4 bxa4 11. Qxa4+ Qd7 12. Nd2 O-O 13. N2b3 Nc6 14. Bg5 Nxd4
15. Nxd4 Qc7 16. Rfc1 Rfc8 17. Qb3 h6 18. Bxf6 Bxf6 19. e3 Qb6 20. Qa3 Rc7 21.
Qa5 Qd6 22. c4 Bxd4 23. exd4 dxc4 24. Bxb7 Rxb7 25. Rxc4 Rab8 26. Qc5 Rb6 27.
Ra5 Qd7 28. d5 exd5 29. Qxd5 Qxd5 30. Rxd5 Rxb4 31. Rc7 R4b7 32. Rxb7 Rxb7 33.
Rd8+ Kh7 34. Ra8 Rb6 35. Ra7 Kg6 36. g4 Rf6 37. Kg2 h5 38. Kg3 hxg4 39. Kxg4
Rxf2 40. Rxa6+ f6 41. h4 Rg2+ 42. Kf3 Rg1 43. Ra8 Rb1 44. Rh8 Rb3+ 45. Kf4 Rb4+
46. Kg3 f5 47. h5+ Kg5 48. Rh7 Rg4+ 49. Kf3 Kf6 50. h6 g5 51. Ra7 Rh4 52. Ra6+
Kf7 53. Rb6 Rh3+ 54. Kg2 g4 55. Kg1 Kg8 56. Rb5 Rh5 57. Rb6 Kf7 58. Kg2 f4 59.
Rb4 Rf5 60. Rb7+ Kf6 61. Rg7 Rh5 62. Rxg4 Kf5 63. Rg8 Rxh6 64. Rf8+ Kg5 65.
Rg8+ Kf6 66. Kf3 Ke5 1/2-1/2

[Event "XXXI Festival A"]
[Site "Arco ITA"]
[Date "2009.10.25"]
[Round "9"]
[White "Borgo, Giulio"]
[Black "De Santis, Alessio"]
[Result "1/2-1/2"]
[WhiteElo "2434"]
[BlackElo "2309"]
[PlyCount "31"]
[EventDate "2009.10.17"]

1. e4 b6 2. d4 Bb7 3. Bd3 Nf6 4. Qe2 Nc6 5. c3 e5 6. d5 Ne7 7. Nf3 Ng6 8. g3
Bc5 9. b4 Be7 10. Na3 c6 11. dxc6 Bxc6 12. h4 O-O 13. Bg5 d5 14. Bxf6 Bxf6 15.
O-O Qc8 16. c4 1/2-1/2

[Event "XXXI Festival A"]
[Site "Arco ITA"]
[Date "2009.10.24"]
[Round "9"]
[White "Bottesi, Gianluca"]
[Black "Sigmund, Ingenuin"]
[Result "0-1"]
[WhiteElo "1559"]
[BlackElo "1825"]
[PlyCount "68"]
[EventDate "2009.10.17"]

1. d4 Nf6 2. Nf3 e6 3. g3 d5 4. Bg2 c5 5. O-O Nbd7 6. c3 Bd6 7. Nbd2 O-O 8. Re1
Rb8 9. e4 dxe4 10. Nxe4 Nxe4 11. Rxe4 Qb6 12. Bh6 gxh6 13. Rg4+ Kh8 14. Qd2 Rg8
15. Rxg8+ Kxg8 16. Qxh6 Bf8 17. Qg5+ Bg7 18. Qe7 h6 19. Bh3 Bf6 20. Qe8+ Kg7
21. Bg4 Qd8 22. Qxd8 Bxd8 23. d5 Nf6 24. Bh3 exd5 25. Bxc8 Rxc8 26. Rd1 b5 27.
Nh4 Rc6 28. Nf5+ Kg6 29. Ne3 Rd6 30. c4 bxc4 31. Nxc4 Re6 32. f4 Re2 33. Ne5+
Kg7 34. Nc6 Bb6 0-1

[Event "XXXI Festival A"]
[Site "Arco ITA"]
[Date "2009.10.24"]
[Round "9"]
[White "Buglisi, Massimo"]
[Black "Gasperoni, Claudio"]
[Result "1/2-1/2"]
[WhiteElo "1931"]
[BlackElo "1770"]
[PlyCount "66"]
[EventDate "2009.10.17"]

1. d4 d5 2. c4 e6 3. Nc3 c5 4. cxd5 exd5 5. Nf3 Nc6 6. g3 Nf6 7. Bg2 Be7 8. O-O
O-O 9. Bg5 cxd4 10. Nxd4 h6 11. Bf4 a6 12. Qa4 Re8 13. Nxc6 bxc6 14. Qxc6 Bd7
15. Qb7 Qc8 16. Qxc8 Raxc8 17. Rfd1 Bg4 18. h3 d4 19. Rxd4 Bc5 20. Rd2 g5 21.
Bxg5 hxg5 22. hxg4 Nxg4 23. Ne4 Rxe4 24. Bxe4 Nxf2 25. Kg2 Nxe4 26. Rc2 Rb8 27.
Rac1 g4 28. b3 Rd8 29. Rf1 Bd6 30. Rc6 a5 31. Ra6 Bb4 32. Rf4 Nc5 33. Rxg4+ Kf8
1/2-1/2

[Event "XXXI Festival A"]
[Site "Arco ITA"]
[Date "2009.10.24"]
[Round "9"]
[White "Casagrande, Fabio"]
[Black "Thurner, Markus"]
[Result "1-0"]
[WhiteElo "2011"]
[BlackElo "1728"]
[PlyCount "43"]
[EventDate "2009.10.17"]

1. e4 c5 2. c3 e5 3. Nf3 d6 4. Bc4 Qc7 5. Ng5 Nh6 6. O-O Be7 7. d3 O-O 8. f4
exf4 9. Bxf4 Bxg5 10. Bxg5 Ng4 11. Bd5 Nc6 12. Na3 h6 13. Bf4 a6 14. Nc4 Nce5
15. Nxd6 Qxd6 16. d4 cxd4 17. cxd4 Qe7 18. dxe5 Nxe5 19. Qd4 Nc6 20. Bd6 Qd8
21. Qc5 Qg5 22. Bxf8 1-0

[Event "XXXI Festival A"]
[Site "Arco ITA"]
[Date "2009.10.24"]
[Round "9"]
[White "Ciola, Alberto"]
[Black "Saponara, Nicola"]
[Result "1-0"]
[WhiteElo "1920"]
[BlackElo "1845"]
[PlyCount "87"]
[EventDate "2009.10.17"]

1. d4 Nf6 2. c4 g6 3. Nc3 Bg7 4. e4 d6 5. Nf3 O-O 6. Be2 e5 7. dxe5 dxe5 8. Bg5
Qxd1+ 9. Rxd1 Re8 10. h3 c6 11. O-O Nbd7 12. b4 b6 13. Rd6 Bb7 14. a3 h6 15.
Be3 c5 16. b5 Nxe4 17. Nxe4 Bxe4 18. Rxd7 f5 19. Bc1 f4 20. Rfd1 Bf5 21. Rc7 e4
22. Bxf4 exf3 23. Bxf3 Be4 24. Rdd7 Bd4 25. Bxe4 Rxe4 26. Be3 Be5 27. Rxa7 Rxa7
28. Rxa7 Rxc4 29. Rb7 Rc3 30. Rxb6 Rxa3 31. Kf1 c4 32. Rxg6+ Kf7 33. Rxh6 Bf6
34. Rh7+ Ke6 35. Rc7 Kd5 36. Rc5+ Ke4 37. Rxc4+ Kd3 38. Rc1 Bb2 39. Rd1+ Kc2
40. Rd2+ Kc3 41. Ke2 Kb3 42. Rd3+ Kc4 43. Rxa3 Bxa3 44. b6 1-0

[Event "XXXI Festival A"]
[Site "Arco ITA"]
[Date "2009.10.25"]
[Round "9"]
[White "Di Lazzaro, Gabriele"]
[Black "Zucchelli, Massimo"]
[Result "0-1"]
[WhiteElo "1930"]
[BlackElo "2159"]
[PlyCount "56"]
[EventDate "2009.10.17"]

1. e4 e6 2. d4 d5 3. Nd2 Nf6 4. e5 Nfd7 5. Bd3 c5 6. c3 Nc6 7. Ne2 cxd4 8. cxd4
f6 9. Nf4 Nxd4 10. Qh5+ Ke7 11. Ng6+ hxg6 12. Qxh8 Nxe5 13. Qh3 Kf7 14. O-O
Nxd3 15. Qxd3 e5 16. Kh1 Bf5 17. Qg3 Bd6 18. Nb3 Nc2 19. f4 Nxa1 20. Nxa1 Qb6
21. Nb3 Rc8 22. fxe5 Bxe5 23. Qf3 Be4 24. Qh3 Qe6 25. Qh4 Rc2 26. Rg1 Bxb2 27.
Be3 Rxg2 28. Nc5 Rg4+ 0-1

[Event "XXXI Festival A"]
[Site "Arco ITA"]
[Date "2009.10.24"]
[Round "9"]
[White "Ferrari, Michele"]
[Black "Mulone, Gaspare"]
[Result "1-0"]
[WhiteElo "1827"]
[BlackElo "1394"]
[PlyCount "55"]
[EventDate "2009.10.17"]

1. d4 e6 2. e3 d5 3. Bd3 Nf6 4. Nd2 g6 5. f4 Bg7 6. Ngf3 O-O 7. Ne5 Nbd7 8. O-O
c5 9. c3 cxd4 10. exd4 a6 11. Qf3 b5 12. a3 Bb7 13. g4 Nb6 14. Rf2 Rc8 15. h4
h5 16. gxh5 Nxh5 17. Qh3 Rc7 18. Ndf3 Bh6 19. Nxg6 fxg6 20. Qxe6+ Kh8 21. Ne5
Rf6 22. Nxg6+ Kg7 23. Qg4 Nxf4 24. Nxf4+ Kh8 25. Ng6+ Kg7 26. Bxh6+ Kxh6 27.
Qg5+ Kg7 28. Ne5+ 1-0

[Event "XXXI Festival A"]
[Site "Arco ITA"]
[Date "2009.10.24"]
[Round "9"]
[White "Gandolfi, Gianfranco"]
[Black "Barlotti, Gabriele"]
[Result "0-1"]
[WhiteElo "1861"]
[BlackElo "1664"]
[PlyCount "92"]
[EventDate "2009.10.17"]

1. e4 e6 2. d4 d5 3. Nc3 Nf6 4. e5 Nfd7 5. f4 a6 6. Nf3 c5 7. Be3 Nc6 8. Qd2
cxd4 9. Nxd4 Nxd4 10. Bxd4 Bc5 11. O-O-O Bxd4 12. Qxd4 O-O 13. h4 b5 14. g4 Bb7
15. Rh2 Qb6 16. Qd2 Nc5 17. Qd4 Nd7 18. Qxb6 Nxb6 19. Bd3 Bc8 20. g5 Nd7 21.
Re1 Nc5 22. Ne2 Bd7 23. Nd4 Rac8 24. Kb1 Rb8 25. Rf2 Rbe8 26. Rg2 Rc8 27. h5
Rcd8 28. Rg4 Rc8 29. g6 hxg6 30. hxg6 Nxd3 31. cxd3 fxg6 32. Reg1 Rf7 33. Rxg6
Re8 34. f5 Bc8 35. f6 Ref8 36. Nc6 Kh7 37. Rh1+ Kxg6 38. Ne7+ Rxe7 39. Rg1+ Kh7
40. fxe7 Re8 41. Rc1 Bd7 42. Rc7 Rxe7 43. Ra7 g5 44. Rxa6 g4 45. d4 g3 46. Ra3
Rg7 0-1